El fascinante mundo de las matemáticas

Guardat en:
Dades bibliogràfiques
Autors principals: Langdon, Nigel (Autor), Snape, Charles (Autor)
Format: Llibre
Idioma:espanyol
Publicat: Ciudad de México Grupo Noriega Editores 1989
Edició:1a. ed
Matèries:
Etiquetes: Afegir etiqueta
Sense etiquetes, Sigues el primer a etiquetar aquest registre!

MARC

LEADER 00000nam a2200000 a 4500
001 UCH6172
003 CL-VaPUC
008 091109e19890000MX |||||||||||||||||spa|d
020 |a 9681828283 
082 0 4 |a 510  |b LAN  |2 21 
100 |a Langdon, Nigel  |e author  |9 542567 
700 0 |a Snape, Charles  |e author  |9 542568 
245 1 3 |a El fascinante mundo de las matemáticas 
250 |a 1a. ed 
300 |a 48 p 
942 |c BK 
945 |d 20091109 00:00:00  |a ccalabra 
260 |a Ciudad de México  |b Grupo Noriega Editores  |c 1989 
650 0 |a Matemática  |9 260235 
650 0 |a Educación  |9 258661 
650 7 |a MATEMATICAS RECREATIVAS  |2 CL-VaPUC  |9 269273 
650 0 |a Calculadoras  |9 353224 
650 0 |a Geometría   |9 264063 
650 0 |a Álgebra  |9 259567 
583 |a last modification  |c 20091109 00:00:00  |k Rodrigo Vera 
999 |c 337119  |d 337117